000 00566nam a22000977a 4500
008 160425b xxu||||| |||| 00| 0 eng d
100 _aImhof, Heinrich
245 _aDie Poststempelformen in St. Petersburg von 1766-1914
260 _aGermany
_bBundesarbeitsgemeinschaft Russland/UDSSR im BDPh e.V.,
_c1976
650 _aRussia | Saint Petersburg | Postal Markings | 1766-1914 | Postal History | 18th Century | 19th Century | 20th Century | Locals and Private Posts | Pre-adhesive Covers | Railway Mail | Telegraph Offices | Postal Agencies | Registered Mail | Machine Cancels
999 _c1930
_d1930